[Event "BL 1011 SV Griesheim - SC Remagen"]
[Site "?"]
[Date "2011.02.06"]
[Round "9.5"]
[White "Bok, Benjamin"]
[Black "Grabarczyk, Bogdan"]
[Result "1-0"]
[WhiteElo "2453"]
[BlackElo "2448"]
[PlyCount "199"]
[EventDate "2011.??.??"]

1. e4 c5 2. Nf3 e6 3. d4 cxd4 4. Nxd4 a6 5. Nc3 d6 6. g4 Ne7 7. f4 Nec6 8. Be3
Nxd4 9. Bxd4 Nc6 10. Be3 b5 11. Bg2 Bb7 12. Qd2 Qh4+ 13. Bf2 Qxg4 14. Rg1 Qh5
15. Ne2 O-O-O 16. O-O-O Kb8 17. Nd4 Rc8 18. Bf3 Qh6 19. Be3 Qf6 20. Nxc6+ Bxc6
21. Qa5 Qe7 22. Qxa6 Qb7 23. Qa5 Qa8 24. Qb6+ Qb7 25. Qa5 Qa8 26. Qb6+ Qb7 27.
Qd4 f5 28. Rg5 Rg8 29. Rd3 fxe4 30. Bxe4 d5 31. Bxh7 Rh8 32. Rh5 Be8 33. Rh3
Bg6 34. Bxg6 Rxh3 35. Qa7+ Qxa7 36. Bxa7+ Kxa7 37. Rxh3 Rc4 38. Re3 Bd6 39.
Rxe6 Bxf4+ 40. Kd1 Bxh2 41. Bd3 Rg4 42. Bxb5 Rb4 43. a4 Rxb2 44. Re7+ Kb6 45.
Rxg7 Rb1+ 46. Ke2 Kc5 47. Rg6 Bd6 48. Rg8 Bc7 49. Rg5 Ba5 50. Rg6 Re1+ 51. Kf2
Rc1 52. Rc6+ Kd4 53. Rc8 Bc3 54. Bd3 Ra1 55. Ra8 Kc5 56. Bf5 Kb4 57. Rb8+ Kc5
58. Rc8+ Kd4 59. Ra8 Kc5 60. Bg6 Kb4 61. Rb8+ Kc5 62. Rc8+ Kd4 63. Ra8 Kc5 64.
Ke2 Kd4 65. Rf8 Bb4 66. Rf3 Kc5 67. Rf5 Re1+ 68. Kf2 Rc1 69. Rh5 Bc3 70. Ke3
Bb4 71. Bf7 Re1+ 72. Kf2 Rd1 73. Rh8 Bc3 74. Rc8+ Kb4 75. a5 Rd2+ 76. Kf3 Rxc2
77. a6 Ra2 78. Bxd5 Ra3 79. Ke4 Be1 80. Rc1 Bf2 81. Rb1+ Kc5 82. Bb7 Kd6 83.
Rc1 Ra4+ 84. Kd3 Bc5 85. Kc3 Ra5 86. Rh1 Kc7 87. Kc4 Ba7 88. Kb4 Ra2 89. Rh7+
Kd6 90. Rh6+ Kd7 91. Bd5 Rd2 92. Rh7+ Kd6 93. Rxa7 Rxd5 94. Rh7 Rd1 95. a7 Ra1
96. Kb5 Rb1+ 97. Ka6 Ra1+ 98. Kb7 Rb1+ 99. Kc8 Ra1 100. Kb8 1-0

[Event "BL 1011 SV Griesheim - SC Remagen"]
[Site "?"]
[Date "2011.02.06"]
[Round "9.6"]
[White "Bulski, Krzysztof"]
[Black "Teske, Henrik"]
[Result "1/2-1/2"]
[WhiteElo "2459"]
[BlackElo "2522"]
[PlyCount "71"]
[EventDate "2011.??.??"]

1. e4 e5 2. Nf3 Nf6 3. Nxe5 d6 4. Nf3 Nxe4 5. Nc3 Nxc3 6. dxc3 Nc6 7. Be3 Be7
8. Qd2 Bg4 9. Be2 Qd7 10. h3 Be6 11. Ng5 Bf5 12. O-O-O h6 13. Nf3 Bf6 14. Nd4
Bxd4 15. cxd4 d5 16. Rhe1 O-O-O 17. Bf4 Rhe8 18. Bf1 Rxe1 19. Rxe1 Re8 20.
Rxe8+ Qxe8 21. f3 g5 22. Bg3 Qe6 23. Bf2 Bg6 24. a3 Kd7 25. Qe3 Qxe3+ 26. Bxe3
Ne7 27. Kd2 f6 28. b3 Nf5 29. Bf2 Nd6 30. c4 Bf7 31. Kc3 f5 32. g4 fxg4 33.
hxg4 h5 34. c5 Ne8 35. gxh5 Bxh5 36. Be3 1/2-1/2

[Event "BL 1011 SV Griesheim - SC Remagen"]
[Site "?"]
[Date "2011.02.06"]
[Round "9.7"]
[White "Popovic, Petar"]
[Black "Geske, Julian"]
[Result "1/2-1/2"]
[WhiteElo "2495"]
[BlackElo "2364"]
[PlyCount "49"]
[EventDate "2011.??.??"]

1. e4 d5 2. exd5 Qxd5 3. Nc3 Qa5 4. d4 Nf6 5. Nf3 Bg4 6. h3 Bh5 7. g4 Bg6 8.
Ne5 Nbd7 9. Nc4 Qa6 10. Qf3 Qe6+ 11. Be3 c6 12. O-O-O h5 13. Rg1 Nd5 14. Bd2
hxg4 15. hxg4 Nxc3 16. Bxc3 O-O-O 17. d5 cxd5 18. Qxd5 Qxd5 19. Rxd5 e6 20. Rd2
f6 21. Nd6+ Kb8 22. Nxb7 Kxb7 23. Bb5 Bc5 24. Rgd1 Bxf2 25. Rxf2 1/2-1/2

[Event "BL 1011 SV Griesheim - SC Remagen"]
[Site "?"]
[Date "2011.02.06"]
[Round "9.8"]
[White "Koehler, Ronald"]
[Black "Kipper, Jens"]
[Result "1/2-1/2"]
[WhiteElo "2289"]
[BlackElo "2394"]
[PlyCount "57"]
[EventDate "2011.??.??"]

1. d4 e6 2. c4 Nf6 3. Nf3 d5 4. Bg5 Bb4+ 5. Nc3 Nbd7 6. e3 c5 7. cxd5 exd5 8.
Qc2 Qa5 9. Bd3 c4 10. Bf5 O-O 11. O-O Re8 12. a3 Bxc3 13. Qxc3 Qxc3 14. bxc3
Ne4 15. Bxe4 Rxe4 16. Nd2 Re8 17. a4 b6 18. Rfb1 h6 19. Bf4 Bb7 20. h4 Bc6 21.
f3 Re6 22. Kf2 Rae8 23. g4 Nf6 24. Nf1 Nh7 25. Re1 Bd7 26. Be5 Bc6 27. Bf4 Bd7
28. Be5 Bc6 29. Bf4 1/2-1/2

[Event "BL 1011 Hamburger SK - SF Katernberg"]
[Site "?"]
[Date "2011.02.06"]
[Round "9.2"]
[White "Baramidze, David"]
[Black "Chuchelov, Vladimir"]
[Result "1/2-1/2"]
[WhiteElo "2542"]
[BlackElo "2565"]
[PlyCount "53"]
[EventDate "2011.??.??"]

1. Nf3 Nf6 2. c4 e6 3. g3 d5 4. Bg2 dxc4 5. Qa4+ Nbd7 6. Qxc4 a6 7. Qc2 c5 8.
O-O b5 9. a4 Bb7 10. d3 Be7 11. Nc3 Bc6 12. Nh4 Bxg2 13. Nxg2 Rb8 14. axb5 axb5
15. Bf4 Rb7 16. Ra6 O-O 17. Rfa1 h6 18. R1a5 g5 19. Be3 Qb8 20. h4 Ng4 21. hxg5
hxg5 22. d4 Nxe3 23. Nxe3 cxd4 24. Rxe6 Bf6 25. Ncd5 fxe6 26. Qg6+ Kh8 27. Qh6+
1/2-1/2

[Event "BL 1011 Hamburger SK - SF Katernberg"]
[Site "?"]
[Date "2011.02.06"]
[Round "9.3"]
[White "Bischoff, Klaus"]
[Black "Ftacnik, Lubomir Dr"]
[Result "0-1"]
[WhiteElo "2553"]
[BlackElo "2568"]
[PlyCount "60"]
[EventDate "2011.??.??"]

1. b3 d5 2. e3 Nf6 3. Bb2 g6 4. c4 e6 5. Nf3 Bg7 6. Qc2 O-O 7. Be2 b6 8. O-O
Bb7 9. cxd5 exd5 10. a3 c5 11. b4 Nbd7 12. bxc5 bxc5 13. d3 Re8 14. Re1 d4 15.
e4 Nxe4 16. dxe4 Bxe4 17. Qc1 Bxf3 18. Bxf3 Rxe1+ 19. Qxe1 Rb8 20. Bc1 Ne5 21.
Nd2 c4 22. Ne4 c3 23. Bg5 Qb6 24. Be2 f5 25. Ng3 d3 26. Bf1 Qd4 27. Rb1 Re8 28.
Qe3 Qxe3 29. Bxe3 d2 30. Ne2 c2 0-1

[Event "BL 1011 Hamburger SK - SF Katernberg"]
[Site "?"]
[Date "2011.02.06"]
[Round "9.5"]
[White "Zaragatski, Ilja"]
[Black "Rogozenco, Dorian"]
[Result "1/2-1/2"]
[WhiteElo "2490"]
[BlackElo "2522"]
[PlyCount "40"]
[EventDate "2011.??.??"]

1. Nf3 d6 2. d4 Nf6 3. Nc3 Nbd7 4. e4 e5 5. Bc4 Be7 6. O-O O-O 7. Re1 c6 8. a4
a5 9. Ba2 exd4 10. Qxd4 Ng4 11. Bf4 Qc7 12. Qd2 Nge5 13. Nd4 Nc5 14. Nf5 Bxf5
15. exf5 Qd7 16. Bxe5 dxe5 17. Qxd7 Nxd7 18. Ne4 Rfd8 19. Rad1 Kf8 20. Kf1 f6
1/2-1/2

[Event "BL 1011 Hamburger SK - SF Katernberg"]
[Site "?"]
[Date "2011.02.06"]
[Round "9.6"]
[White "Heinemann, Thies"]
[Black "Thesing, Matthias"]
[Result "0-1"]
[WhiteElo "2488"]
[BlackElo "2432"]
[PlyCount "64"]
[EventDate "2011.??.??"]

1. e4 c5 2. Nf3 e6 3. d4 cxd4 4. Nxd4 a6 5. Bd3 Nf6 6. O-O Qc7 7. c4 Nc6 8. Nf3
Ng4 9. g3 h5 10. Bf4 e5 11. Bd2 Bc5 12. b3 Qd6 13. Bc2 h4 14. Nxh4 Rxh4 15.
gxh4 Qg6 16. Bg5 d6 17. Nc3 f6 18. Nd5 fxg5 19. Nc7+ Kd8 20. Nxa8 Qf6 21. Qd2
Nd4 22. Bd1 Nf3+ 23. Bxf3 Qxf3 24. Qxg5+ Ke8 25. Qh5+ Ke7 26. Qg5+ Kf8 27. Qd2
Qh3 28. Rfe1 Nxh2 29. Re3 Bxe3 30. Qxd6+ Kg8 31. fxe3 Qg3+ 32. Kh1 Nf3 0-1

[Event "BL 1011 Hamburger SK - SF Katernberg"]
[Site "?"]
[Date "2011.02.06"]
[Round "9.7"]
[White "Siebrecht, Sebastian"]
[Black "Berger, Steve"]
[Result "0-1"]
[WhiteElo "2421"]
[BlackElo "2423"]
[PlyCount "130"]
[EventDate "2011.??.??"]

1. d4 g6 2. e4 Bg7 3. Nc3 d6 4. Be3 a6 5. Qd2 Nd7 6. h4 h5 7. Nh3 b5 8. Ng5 e6
9. a4 b4 10. Ne2 c5 11. c3 Rb8 12. Nf4 Qa5 13. Bc4 Ne7 14. Nxf7 Kxf7 15. Nxe6
d5 16. exd5 bxc3 17. bxc3 Nb6 18. Ng5+ Ke8 19. Ba2 Nbxd5 20. Bxd5 Nxd5 21. Rc1
Rb7 22. O-O Re7 23. Rfe1 Rf8 24. dxc5 Rf5 25. Bd4 Be5 26. Bxe5 Rfxe5 27. Rxe5
Rxe5 28. Nf3 Rf5 29. Re1+ Kd8 30. Re5 Qxc5 31. Qd3 Rxe5 32. Nxe5 Bf5 33. Qxa6
Nxc3 34. Qf6+ Kc7 35. Qf7+ Kc8 36. Qg8+ Kb7 37. Nc4 Ne4 38. Qf7+ Ka6 39. Ne3
Ka5 40. Qb3 Nd6 41. Qd1 Be6 42. Qd3 Nf5 43. Qd8+ Qb6 44. Qa8+ Qa6 45. Qd8+ Kxa4
46. Qe8+ Kb4 47. Qxg6 Nxe3 48. Qb1+ Kc5 49. fxe3 Qe2 50. Qe4 Qd1+ 51. Kh2 Qg4
52. Qe5+ Kc4 53. Kg1 Bd5 54. Qg5 Qxg5 55. hxg5 Be6 56. Kf2 Kd5 57. Kg3 Ke5 58.
e4 Bg4 59. Kh4 Ke6 60. Kg3 Kf7 61. Kf4 Kg6 62. Ke5 Kxg5 63. Kd6 Kf4 64. e5 Kg3
65. e6 Bxe6 0-1

[Event "BL 1011 Hamburger SK - SF Katernberg"]
[Site "?"]
[Date "2011.02.06"]
[Round "9.8"]
[White "Carlstedt, Jonathan"]
[Black "Scholz, Christian"]
[Result "1-0"]
[WhiteElo "2376"]
[BlackElo "2387"]
[PlyCount "65"]
[EventDate "2011.??.??"]

1. c4 e5 2. g3 Nf6 3. Bg2 Nc6 4. Nc3 Bc5 5. e3 a6 6. Nge2 d6 7. h3 O-O 8. O-O
Ba7 9. d4 Ne7 10. b3 Re8 11. dxe5 dxe5 12. Qxd8 Rxd8 13. Ba3 Re8 14. Rfd1 Rb8
15. Rac1 Bd7 16. g4 h6 17. Ne4 Bc6 18. Nxf6+ gxf6 19. Bxe7 Bxg2 20. Kxg2 Rxe7
21. Ng3 Ree8 22. Nf5 h5 23. gxh5 e4 24. Rd7 Re5 25. Nh6+ Kg7 26. Nxf7 Rxh5 27.
Ng5+ Kh6 28. Nxe4 Rg8+ 29. Kh2 Rg6 30. Ng3 Ra5 31. Rg1 Bb8 32. b4 Rag5 33. f4
1-0

[Event "BL 1011 Schachfr. Berlin - SV Mülheim N"]
[Site "?"]
[Date "2011.02.06"]
[Round "9.1"]
[White "Fridman, Daniel"]
[Black "Markos, Jan"]
[Result "1-0"]
[WhiteElo "2645"]
[BlackElo "2566"]
[PlyCount "71"]
[EventDate "2011.??.??"]

1. d4 Nf6 2. c4 e6 3. Nf3 b6 4. g3 Ba6 5. Qa4 Bb7 6. Bg2 c5 7. dxc5 Bxc5 8. O-O
O-O 9. Nc3 Be7 10. Rd1 Na6 11. Bf4 Nc5 12. Qc2 Qc8 13. Rd4 d5 14. Rc1 Nce4 15.
Nxe4 dxe4 16. Ne5 Bc5 17. Rdd1 h6 18. Qc3 a5 19. g4 Rd8 20. h4 Rxd1+ 21. Rxd1
Qe8 22. g5 Nh5 23. Be3 hxg5 24. Rd7 Bc6 25. Rc7 Rc8 26. Rxc8 Qxc8 27. Bxc5 bxc5
28. hxg5 Bb7 29. Qxa5 f6 30. gxf6 gxf6 31. Ng4 e5 32. Bh3 Kf8 33. e3 Ke7 34.
Kh2 f5 35. Nh6 Ng7 36. Qb6 1-0

[Event "BL 1011 Schachfr. Berlin - SV Mülheim N"]
[Site "?"]
[Date "2011.02.06"]
[Round "9.2"]
[White "Kraemer, Martin"]
[Black "Potkin, Vladimir"]
[Result "1/2-1/2"]
[WhiteElo "2516"]
[BlackElo "2630"]
[PlyCount "40"]
[EventDate "2011.??.??"]

1. d4 Nf6 2. c4 g6 3. g3 Bg7 4. Bg2 d5 5. cxd5 Nxd5 6. e4 Nb6 7. Ne2 c5 8. d5
e6 9. Nbc3 O-O 10. O-O Na6 11. Nf4 e5 12. Nd3 c4 13. Ne1 f5 14. Be3 fxe4 15.
Bxe4 Bf5 16. f3 Rc8 17. Ng2 Nc5 18. Qe2 Qd7 19. Bxc5 Rxc5 20. Ne3 Bh6 1/2-1/2

[Event "BL 1011 Schachfr. Berlin - SV Mülheim N"]
[Site "?"]
[Date "2011.02.06"]
[Round "9.3"]
[White "Tregubov, Pavel V"]
[Black "Miezis, Normunds"]
[Result "1-0"]
[WhiteElo "2598"]
[BlackElo "2519"]
[PlyCount "97"]
[EventDate "2011.??.??"]

1. d4 e6 2. c4 b6 3. a3 Bb7 4. Nc3 f5 5. d5 Nf6 6. g3 b5 7. Nxb5 exd5 8. Bf4
Na6 9. Bg2 c6 10. Nd4 dxc4 11. Ngf3 Nc5 12. O-O Nd5 13. Ne5 Nxf4 14. gxf4 Qf6
15. Nxc4 Be7 16. Ne5 Rd8 17. b4 Ne4 18. Qc2 g5 19. Nxf5 Qxf5 20. Qxe4 Qxf4 21.
Rad1 Qxe4 22. Bxe4 d5 23. Bf3 O-O 24. Rc1 Rf6 25. h3 Kg7 26. Kg2 Re6 27. Nd3
Ba6 28. Bg4 Rf6 29. Ne5 Rdd6 30. Rc2 Bb5 31. a4 Bxa4 32. Ra2 Bb5 33. Rxa7 Rfe6
34. Bxe6 Rxe6 35. Nf3 Bxe2 36. Rc1 Bxf3+ 37. Kxf3 Kf7 38. Rc7 h5 39. R1xc6 Rxc6
40. Rxc6 Bxb4 41. Rh6 h4 42. Rb6 Be7 43. Ra6 Bb4 44. Kg4 d4 45. Kxg5 Be7+ 46.
Kg4 d3 47. Ra1 Bc5 48. Rd1 Ke6 49. f4 1-0

[Event "BL 1011 Schachfr. Berlin - SV Mülheim N"]
[Site "?"]
[Date "2011.02.06"]
[Round "9.5"]
[White "Hausrath, Daniel"]
[Black "Polzin, Rainer"]
[Result "1/2-1/2"]
[WhiteElo "2537"]
[BlackElo "2494"]
[PlyCount "85"]
[EventDate "2011.??.??"]

1. Nf3 Nf6 2. g3 g6 3. b3 d6 4. d4 c5 5. Bg2 cxd4 6. Nxd4 d5 7. O-O Bg7 8. Bb2
e5 9. Nf3 e4 10. Nd4 O-O 11. c4 dxc4 12. Nd2 e3 13. Nxc4 exf2+ 14. Rxf2 Ng4 15.
Rf4 h5 16. Nb5 Bxb2 17. Qxd8 Rxd8 18. Nxb2 Nc6 19. Nc4 Nge5 20. Nxe5 Nxe5 21.
Rc1 Bg4 22. Nc7 Rab8 23. Re4 Nc6 24. h3 Bf5 25. Rf4 Rd2 26. e4 Bd7 27. Nd5 Kg7
28. Rf2 Rd4 29. Rcc2 Rc8 30. Rcd2 Rxd2 31. Rxd2 Ne5 32. Kf2 Rc1 33. Ke3 Bc6 34.
Kd4 f6 35. Nb4 a5 36. Nd3 Nxd3 37. Kxd3 Re1 38. Kd4 Kf7 39. Bf3 Ke7 40. Rd1
Rxd1+ 41. Bxd1 Kd6 42. h4 Bd7 43. a3 1/2-1/2

[Event "BL 1011 Schachfr. Berlin - SV Mülheim N"]
[Site "?"]
[Date "2011.02.06"]
[Round "9.6"]
[White "Schneider, Ilja"]
[Black "Feygin, Michael"]
[Result "1/2-1/2"]
[WhiteElo "2519"]
[BlackElo "2526"]
[PlyCount "47"]
[EventDate "2011.??.??"]

1. Nf3 d5 2. d4 Nf6 3. c4 e6 4. g3 c6 5. Bg2 dxc4 6. Ne5 b5 7. Nxc6 Qb6 8. Na5
Nd5 9. Bd2 a6 10. Nc3 Nxc3 11. Bxc3 Ra7 12. a4 Be7 13. b3 O-O 14. axb5 axb5 15.
bxc4 b4 16. c5 Qb5 17. Nb3 Bb7 18. Rxa7 Bxg2 19. Rg1 Bd5 20. Bb2 Nc6 21. Rd7
Ra8 22. Rxd5 exd5 23. Kf1 Bf6 24. Kg2 1/2-1/2

[Event "BL 1011 Schachfr. Berlin - SV Mülheim N"]
[Site "?"]
[Date "2011.02.06"]
[Round "9.7"]
[White "Levin, Felix"]
[Black "Thiede, Lars"]
[Result "0-1"]
[WhiteElo "2482"]
[BlackElo "2445"]
[PlyCount "79"]
[EventDate "2011.??.??"]

1. d4 g6 2. c4 Bg7 3. Nc3 Nf6 4. Nf3 O-O 5. g3 d6 6. Bg2 Nbd7 7. O-O e5 8. e3
Re8 9. a4 h6 10. a5 a6 11. b4 c6 12. Ra2 e4 13. Nd2 d5 14. cxd5 cxd5 15. Nb3
Nf8 16. f3 exf3 17. Qxf3 Bg4 18. Qf2 Bf5 19. Nc5 Re7 20. Qb2 Ne6 21. Qb3 Nxc5
22. bxc5 Be6 23. Na4 Rc8 24. Nb6 Rc6 25. Raf2 Ne4 26. Bxe4 dxe4 27. d5 Rxb6 28.
cxb6 Bxd5 29. Rd1 Rd7 30. Qc2 Bc6 31. Rxd7 Qxd7 32. Bb2 Bxb2 33. Qxb2 Bb5 34.
Qd4 Qe6 35. Rf6 Qa2 36. Rd6 Qb1+ 37. Qd1 Qb2 38. Rd8+ Kh7 39. g4 Qf6 40. Rd2
0-1

[Event "BL 1011 Solinger SG - Hamburger SK"]
[Site "?"]
[Date "2011.02.26"]
[Round "10.2"]
[White "Stellwagen, Daniel"]
[Black "Kempinski, Robert"]
[Result "1-0"]
[WhiteElo "2635"]
[BlackElo "2615"]
[PlyCount "53"]
[EventDate "2011.??.??"]

1. e4 c5 2. Nf3 d6 3. d4 cxd4 4. Nxd4 Nf6 5. Nc3 a6 6. Bg5 e6 7. f4 Be7 8. Qf3
h6 9. Bh4 Qc7 10. O-O-O Nbd7 11. Be2 O-O 12. Rhe1 Re8 13. Qg3 Nc5 14. Bf3 e5
15. fxe5 dxe5 16. Nf5 Bxf5 17. exf5 Bd8 18. Rxd8 Qxd8 19. Nd5 Ncd7 20. Rd1 Kh7
21. Nxf6+ gxf6 22. Bh5 Rg8 23. Qb3 Qe7 24. Bxf7 Rgd8 25. Qe6 Qxe6 26. fxe6 Kg7
27. Bh5 1-0

[Event "BL 1011 Solinger SG - Hamburger SK"]
[Site "?"]
[Date "2011.02.26"]
[Round "10.3"]
[White "Baramidze, David"]
[Black "L'Ami, Erwin"]
[Result "1/2-1/2"]
[WhiteElo "2542"]
[BlackElo "2624"]
[PlyCount "103"]
[EventDate "2011.??.??"]

1. Nf3 Nf6 2. c4 g6 3. g3 Bg7 4. Bg2 c6 5. b3 d5 6. Bb2 O-O 7. O-O a5 8. Nc3
Ne4 9. Na4 Bxb2 10. Nxb2 Na6 11. d3 Nf6 12. d4 Bf5 13. Ne5 Nc7 14. Na4 h5 15.
Rc1 Ne6 16. cxd5 cxd5 17. Nc5 Nxc5 18. Rxc5 Rc8 19. Rxc8 Qxc8 20. Qd2 b6 21.
Rc1 Qb7 22. b4 axb4 23. Qxb4 Rc8 24. Rxc8+ Bxc8 25. Qb5 Kf8 26. e3 Qa6 27. Qc6
Qb7 28. Qxb7 Bxb7 29. Bf1 e6 30. f3 Ke7 31. Bb5 Bc8 32. h4 Bd7 33. Bd3 Ba4 34.
Kf2 Nd7 35. Nxd7 Bxd7 36. e4 dxe4 37. fxe4 Kd6 38. e5+ Ke7 39. Ke3 Ba4 40. Kd2
Bc6 41. Kc3 Kd7 42. Kb4 Kc7 43. a4 Kd8 44. Be2 Kc7 45. Bb5 Bxb5 46. axb5 Kd7
47. Kc4 Ke7 48. Kd3 f6 49. Ke4 Kf7 50. exf6 Kxf6 51. d5 Ke7 52. Ke5 1/2-1/2

[Event "BL 1011 Solinger SG - Hamburger SK"]
[Site "?"]
[Date "2011.02.26"]
[Round "10.5"]
[White "Ftacnik, Lubomir Dr"]
[Black "Ragger, Markus"]
[Result "0-1"]
[WhiteElo "2568"]
[BlackElo "2628"]
[PlyCount "54"]
[EventDate "2011.??.??"]

1. Nf3 d5 2. d4 Nf6 3. c4 c6 4. Nc3 dxc4 5. a4 Bf5 6. Nh4 Bg4 7. h3 Bh5 8. g4
Bg6 9. Nxg6 hxg6 10. e3 e6 11. Bxc4 Bb4 12. Bd2 Nbd7 13. Qf3 Qa5 14. Bf1 Nb6
15. h4 e5 16. dxe5 Qxe5 17. g5 Nfd7 18. h5 gxh5 19. Rxh5 Rxh5 20. Qxh5 g6 21.
Qh4 a5 22. f4 Qg7 23. Rd1 Nc5 24. Qh3 Rd8 25. f5 Qe5 26. fxg6 fxg6 27. Qg4
Nbxa4 0-1

[Event "BL 1011 Solinger SG - Hamburger SK"]
[Site "?"]
[Date "2011.02.26"]
[Round "10.6"]
[White "Hoffmann, Michael"]
[Black "Huschenbeth, Niclas"]
[Result "0-1"]
[WhiteElo "2510"]
[BlackElo "2461"]
[PlyCount "64"]
[EventDate "2011.??.??"]

1. Nf3 d5 2. d4 e6 3. c4 c6 4. Qc2 dxc4 5. Qxc4 Nf6 6. Nc3 b5 7. Qd3 Be7 8. e4
b4 9. Na4 Qa5 10. b3 Bb7 11. Be3 Nbd7 12. Rc1 Rc8 13. Nd2 O-O 14. Be2 c5 15.
O-O Rfd8 16. Qb5 Qxb5 17. Bxb5 cxd4 18. Bxd4 Rxc1 19. Rxc1 Nb6 20. Be3 Nxa4 21.
bxa4 Bxe4 22. Nxe4 Nxe4 23. Bxa7 Nc3 24. g3 Nxa2 25. Rc7 Bd6 26. Rc6 b3 27. Bd4
Be7 28. Bb2 Bf6 29. Ba3 Nb4 30. Rc1 Nc2 31. Bc5 b2 32. Rb1 Rd5 0-1

[Event "BL 1011 Solinger SG - Hamburger SK"]
[Site "?"]
[Date "2011.02.26"]
[Round "10.7"]
[White "Heinemann, Thies"]
[Black "Ernst, Sipke"]
[Result "1/2-1/2"]
[WhiteElo "2488"]
[BlackElo "2587"]
[PlyCount "68"]
[EventDate "2011.??.??"]

1. e4 e5 2. Nf3 Nc6 3. Bb5 g6 4. d4 exd4 5. Nxd4 Bg7 6. Nxc6 bxc6 7. Bc4 Ne7 8.
Nc3 d6 9. O-O O-O 10. Be3 Be6 11. Bb3 c5 12. Qd2 Rb8 13. Rab1 Qd7 14. Bh6 Bxh6
15. Qxh6 Rb4 16. Bxe6 fxe6 17. b3 Nc6 18. Rbd1 Nd4 19. Rd2 Rbb8 20. Qe3 Qg7 21.
Ne2 Nc6 22. Qc3 Qxc3 23. Nxc3 Rf4 24. Re1 Rb4 25. f3 Rf7 26. Ne2 g5 27. Ng3 Ne5
28. h3 a5 29. Kf2 Kg7 30. Ke3 Kg6 31. Ne2 Kg7 32. h4 gxh4 33. Nf4 Kf6 34. Rh1
Ng6 1/2-1/2

[Event "BL 1011 Solinger SG - Hamburger SK"]
[Site "?"]
[Date "2011.02.26"]
[Round "10.8"]
[White "Naumann, Alexander"]
[Black "Berger, Steve"]
[Result "1-0"]
[WhiteElo "2544"]
[BlackElo "2423"]
[PlyCount "131"]
[EventDate "2011.??.??"]

1. d4 e6 2. c4 Nf6 3. g3 d5 4. Nf3 dxc4 5. Bg2 Nc6 6. Qa4 Nd7 7. Qxc4 Nb6 8.
Qb5 a6 9. Qd3 e5 10. Nxe5 Nb4 11. Qc3 Qxd4 12. Qxd4 Nc2+ 13. Kd1 Nxd4 14. Be3
Nf5 15. Bxb6 cxb6 16. Nd2 Bd6 17. Nd3 O-O 18. e3 Rd8 19. Ke2 Ne7 20. Rhd1 Bg4+
21. Bf3 Bxf3+ 22. Nxf3 Nc6 23. Rac1 f6 24. Nd2 Kf7 25. Ne4 Bc7 26. Nb4 Rxd1 27.
Kxd1 Re8 28. f3 Nxb4 29. Rxc7+ Re7 30. Nd6+ Ke6 31. Rxe7+ Kxe7 32. Nf5+ Kf7 33.
a3 Nd3 34. b3 g6 35. Nd4 Ne5 36. e4 Nc6 37. Nc2 Na5 38. Na1 f5 39. exf5 gxf5
40. Kd2 Ke6 41. Kc3 Ke5 42. Nc2 Nc6 43. Kd3 f4 44. g4 b5 45. h4 a5 46. Kc3 Kd5
47. b4 b6 48. h5 Ne5 49. Nd4 axb4+ 50. axb4 h6 51. g5 hxg5 52. h6 Nf7 53. h7
Ke5 54. Nxb5 Nh8 55. Kc4 Kf6 56. Nd6 Kg7 57. Kb5 Kxh7 58. Kxb6 Ng6 59. b5 Kh6
60. Kc7 Nf8 61. b6 Ne6+ 62. Kd7 Nc5+ 63. Kc6 Na6 64. Nf7+ Kh5 65. Ne5 Kh4 66.
b7 1-0

[Event "BL 1011 SC Remagen - Schachfr. Berlin"]
[Site "?"]
[Date "2011.02.26"]
[Round "10.1"]
[White "Kraemer, Martin"]
[Black "Gharamian, Tigran"]
[Result "0-1"]
[WhiteElo "2516"]
[BlackElo "2658"]
[PlyCount "54"]
[EventDate "2011.??.??"]

1. d4 Nf6 2. c4 g6 3. g3 Bg7 4. Bg2 O-O 5. Nc3 d6 6. Nf3 Nc6 7. O-O a6 8. Re1
Rb8 9. Rb1 b5 10. cxb5 axb5 11. b4 Bd7 12. d5 Na7 13. h3 c5 14. Be3 cxb4 15.
Rxb4 Qa5 16. Qb3 Rfc8 17. Nd4 Bxh3 18. Bh1 Nd7 19. Rb1 Nc5 20. Qb2 Na6 21. Rb3
b4 22. Ne4 Bf5 23. Bd2 Nb5 24. e3 Nxd4 25. exd4 Rc4 26. Rd3 Bxe4 27. Bxe4 Nc5
0-1

[Event "BL 1011 SC Remagen - Schachfr. Berlin"]
[Site "?"]
[Date "2011.02.26"]
[Round "10.2"]
[White "Parligras, Mircea"]
[Black "Maksimenko, Andrei"]
[Result "1-0"]
[WhiteElo "2601"]
[BlackElo "2544"]
[PlyCount "79"]
[EventDate "2011.??.??"]

1. d4 Nf6 2. c4 c5 3. d5 b5 4. Nf3 Bb7 5. a4 Qa5+ 6. Bd2 b4 7. Qc2 d6 8. e4 e5
9. g3 g6 10. Bg2 Bg7 11. O-O Nbd7 12. Bc1 O-O 13. b3 Ne8 14. Bb2 Qd8 15. Nbd2
Bc8 16. Rae1 Ndf6 17. Nxe5 dxe5 18. Bxe5 Nh5 19. Bxg7 Nexg7 20. f4 g5 21. fxg5
Qxg5 22. Nf3 Qh6 23. Qf2 f5 24. Qxc5 fxe4 25. Rxe4 Bf5 26. Re7 Rae8 27. Qxa7
Rxe7 28. Qxe7 Bd3 29. Re1 Re8 30. Qxb4 Be2 31. Qd2 Qb6+ 32. Qd4 Qxb3 33. d6 Nf6
34. Qxf6 Rf8 35. d7 Qe3+ 36. Kh1 Rxf6 37. d8=Q+ Rf8 38. Qd5+ Kh8 39. Qd2 Rxf3
40. Rxe2 1-0

[Event "BL 1011 SC Remagen - Schachfr. Berlin"]
[Site "?"]
[Date "2011.02.26"]
[Round "10.3"]
[White "Lauber, Arnd"]
[Black "Goloshchapov, Alexander"]
[Result "0-1"]
[WhiteElo "2497"]
[BlackElo "2576"]
[PlyCount "122"]
[EventDate "2011.??.??"]

1. d4 d5 2. c4 e6 3. Nc3 Be7 4. Nf3 Nf6 5. Bf4 O-O 6. e3 Nbd7 7. c5 Nh5 8. Bd3
b6 9. b4 c6 10. O-O Nxf4 11. exf4 bxc5 12. bxc5 Qa5 13. Qc2 g6 14. Rab1 Ba6 15.
Rb3 Bxd3 16. Qxd3 Bxc5 17. dxc5 Nxc5 18. Qe3 Nxb3 19. axb3 Rfc8 20. Ne5 Qb4 21.
Na4 c5 22. Nd7 Qd4 23. Ndxc5 Qxe3 24. fxe3 Kf8 25. Kf2 Ke7 26. Ke2 Rab8 27. Rc1
Rb5 28. Kd3 h5 29. g3 Rc7 30. e4 Rb4 31. e5 h4 32. Rc3 g5 33. fxg5 hxg3 34.
hxg3 Rg4 35. Ke2 Rxg5 36. Re3 Rc8 37. Kf2 Rh8 38. Kg2 Rb8 39. Nb2 Rb4 40. Nbd3
Rbg4 41. Nf2 Rb4 42. Rc3 Rxe5 43. Ncd3 Re3 44. Nd1 Re2+ 45. Kf1 Rbe4 46. N1f2
R4e3 47. Nd1 Re4 48. N1f2 R2e3 49. Rc7+ Kd6 50. Rxa7 Rd4 51. Nf4 Rd2 52. Kg2 e5
53. N4h3 e4 54. Rxf7 Re1 55. g4 e3 56. g5 e2 57. g6 Rc1 58. g7 e1=Q 59. g8=Q
Qh1+ 60. Kg3 Rc3+ 61. Kh4 Rd4+ 0-1

[Event "BL 1011 SC Remagen - Schachfr. Berlin"]
[Site "?"]
[Date "2011.02.26"]
[Round "10.4"]
[White "Degraeve, Jean-Marc"]
[Black "Polzin, Rainer"]
[Result "1-0"]
[WhiteElo "2561"]
[BlackElo "2494"]
[PlyCount "75"]
[EventDate "2011.??.??"]

1. e4 c5 2. Nf3 d6 3. Bc4 Nf6 4. d3 Nc6 5. c3 g6 6. O-O Bg7 7. Bb3 O-O 8. Re1
b6 9. Nbd2 Ba6 10. Nc4 b5 11. Ne3 b4 12. Ba4 Rc8 13. Bxc6 Rxc6 14. cxb4 cxb4
15. a3 Qb6 16. axb4 Qxb4 17. Nd5 Nxd5 18. exd5 Rxc1 19. Qxc1 Bxd3 20. Rxa7 Bf6
21. h3 Bc4 22. Qf4 Qb5 23. Qh6 Bxd5 24. Ng5 Bxg5 25. Qxg5 e5 26. Qd2 Qb6 27.
Ra3 Qb7 28. f3 e4 29. f4 Bc6 30. Rc3 d5 31. Rec1 Bb5 32. Qd4 Bc4 33. b3 Bd3 34.
Rc7 Qxb3 35. Rc8 Bc4 36. Rxf8+ Kxf8 37. Ra1 Qb7 38. Ra8+ 1-0

[Event "BL 1011 SC Remagen - Schachfr. Berlin"]
[Site "?"]
[Date "2011.02.26"]
[Round "10.5"]
[White "Schneider, Ilja"]
[Black "Dgebuadze, Alexandre"]
[Result "1/2-1/2"]
[WhiteElo "2519"]
[BlackElo "2524"]
[PlyCount "63"]
[EventDate "2011.??.??"]

1. Nf3 Nf6 2. c4 e6 3. g3 a6 4. Bg2 b5 5. b3 c5 6. Nc3 Qb6 7. e3 Bb7 8. Qe2 b4
9. Na4 Qc7 10. Bb2 Be7 11. O-O d6 12. Nh4 Bxg2 13. Nxg2 Nbd7 14. f4 Qc6 15. g4
O-O 16. g5 Ne8 17. Rf3 e5 18. Raf1 g6 19. d4 Ng7 20. d5 Qc7 21. h4 f6 22. e4
Rae8 23. fxe5 fxe5 24. Ne3 Rxf3 25. Rxf3 Nh5 26. Ng4 Bf8 27. Bc1 Bg7 28. Nb2
Rf8 29. Nd3 Rxf3 30. Qxf3 Qc8 31. Kg2 a5 32. Ne3 1/2-1/2